Jeux Olympiques 1976 - Pays participants - Statistiques

Statistiques générales
  • Ce quiz a été pris 5 fois
  • Le résultat moyen est 103 sur 107
Réponses sur la Carte
Les réponses sont colorées sur une échelle allant du rouge au vert en fonction du pourcentage des utilisateurs qui les ont devinées à leur premier essai. Vous pouvez retrouver ces pourcentages ci-dessous.
 
Statistiques - réponses
Nombre d'athlètes Pays % Correct
267 Allemagne de l'Est
100%
290 Allemagne de l'Ouest
100%
70 Argentine
100%
182 Australie
100%
60 Autriche
100%
10 Barbade
100%
106 Belgique
100%
04 Belize
100%
04 Bolivie
100%
81 Brésil
100%
160 Bulgarie
100%
04 Cameroun
100%
391 Canada
100%
07 Chili
100%
34 Colombie
100%
41 Corée du Nord
100%
50 Corée du Sud
100%
05 Costa Rica
100%
08 Côte d'Ivoire
100%
150 Cuba
100%
69 Danemark
100%
29 Egypte
100%
05 Equateur
100%
115 Espagne
100%
396 Etats-Unis
100%
02 Fidji
100%
89 Finlande
100%
213 France
100%
37 Grèce
100%
29 Guatemala
100%
12 Haïti
100%
03 Honduras
100%
183 Hongrie
100%
26 Inde
100%
07 Indonésie
100%
84 Iran
100%
46 Irlande
100%
14 Islande
100%
26 Israël
100%
221 Italie
100%
215 Japon
100%
04 Liban
100%
06 Liechtenstein
100%
08 Luxembourg
100%
09 Maroc
100%
99 Mexique
100%
02 Monaco
100%
33 Mongolie
100%
01 Népal
100%
14 Nicaragua
100%
68 Norvège
100%
84 Nouvelle-Zélande
100%
24 Pakistan
100%
06 Paraguay
100%
103 Pays-Bas
100%
13 Pérou
100%
14 Philippines
100%
224 Pologne
100%
19 Portugal
100%
11 République dominicaine
100%
157 Roumanie
100%
242 Royaume-Uni
100%
23 Sénégal
100%
122 Suède
100%
54 Suisse
100%
150 Tchécoslovaquie
100%
17 Tunisie
100%
27 Turquie
100%
412 URSS
100%
09 Uruguay
100%
31 Venezuela
100%
89 Yougoslavie
100%
03 Andorre
75%
09 Antigua-et-Barbuda
75%
19 Arabie Saoudite
75%
10 Bahamas
75%
20 Jamaïque
75%
14 Koweït
75%
23 Malaisie
75%
08 Panama
75%
05 Papouasie-Nouvelle-Guinée
75%
10 Saint-Marin
75%
03 Suriname
75%
43 Thaïlande
75%
12 Trinité-et-Tobago
75%
04 Singapour
50%
Aucun quiz correspondant
Distribution des résultats
% des personnes avec chaque résultat
Percentile par nombre de réponses
Votre historique - résultats
Vous n’avez pas pris ce quiz